[Event "Belgrade-chT2 Quality"]
[Site "Belgrade"]
[Date "2022.11.13"]
[Round "11.8"]
[White "Basic, Nemanja"]
[Black "Mijatovic, Miodrag"]
[Result "1-0"]
[WhiteElo "1757"]
[BlackElo "1850"]
[PlyCount "66"]
[EventDate "2022.10.15"]
[EventType "team-tourn"]
[EventRounds "13"]
[EventCountry "SRB"]
[SourceTitle "EXT 2024"]
[Source "ChessBase"]
[SourceDate "2023.10.10"]
[SourceVersion "1"]
[SourceVersionDate "2023.10.10"]
[SourceQuality "1"]
[WhiteTeam "Batajnica"]
[BlackTeam "Zemun Teleoptik"]
[WhiteTeamCountry "SRB"]
[BlackTeamCountry "SRB"]

1. d4 d6 2. e4 Nf6 3. f3 g6 4. Nc3 Bg7 5. Be3 0-0 6. Bc4 c6 7. Qd2 b5 8. Bb3 a5 9. a3 Na6 10. Nge2 Qc7 11. h4 h5 12. Bh6 Bd7 13. g4 hxg4 14. h5 e6 15. hxg6 fxg6 16. Bxg7 Kxg7 17. Qh6+ Kf7 18. Nf4 Rg8 19. 0-0-0 b4 20. e5 bxc3 21. exf6 cxb2+ 22. Kb1 Kxf6 23. Nh5+ Ke7 24. Qh7+ Kf8 25. Nf6 Rg7 26. Qh8+ Kf7 27. Qxa8 Kxf6 28. Qxa6 gxf3 29. Qd3 e5 30. Qxf3+ Bf5 31. dxe5+ dxe5 32. Rh8 e4 33. Qc3+ Qe5 1-0

[Event "Belgrade-chT Quality"]
[Site "Belgrade"]
[Date "2020.10.10"]
[Round "2.8"]
[White "Vojvodic, Pavle"]
[Black "Basic, Nemanja"]
[Result "0-1"]
[WhiteElo "1864"]
[BlackElo "1753"]
[PlyCount "70"]
[EventDate "2020.10.09"]
[EventType "team-tourn"]
[EventRounds "9"]
[EventCountry "SRB"]
[SourceTitle "EXT 2022"]
[Source "ChessBase"]
[SourceDate "2021.10.06"]
[SourceVersion "1"]
[SourceVersionDate "2021.10.06"]
[SourceQuality "1"]
[WhiteTeam "Belgrade Teleoptik"]
[BlackTeam "Belgrade Batajnica"]
[WhiteTeamCountry "SRB"]
[BlackTeamCountry "SRB"]

1. c4 Nf6 2. Nc3 e6 3. g3 d5 4. d4 Be7 5. Bg2 0-0 6. Nf3 b6 7. cxd5 Nxd5 8. 0-0 Nxc3 9. bxc3 Bb7 10. Qc2 Nd7 11. Ng5 Bxg5 12. Bxb7 Rb8 13. Bc6 Bxc1 14. Rfxc1 Nf6 15. e4 Qd6 16. Bb5 e5 17. Rd1 c6 18. Bc4 b5 19. Bb3 Rfe8 20. f4 Ng4 21. fxe5 Qh6 22. Qd2 Qh5 23. Rf1 Re7 24. Rf4 g5 25. Rf5 h6 26. h4 Rd8 27. Kg2 Nxe5 28. hxg5 Qg4 29. Qe3 Ng6 30. Re1 Nh4+ 31. Kh2 Nxf5 32. Qf4 Qxg5 33. Qxg5+ hxg5 34. Rf1 Nh6 35. Kh3 Kg7 0-1

[Event "SRB-ch sf"]
[Site "Novi Banovci"]
[Date "2020.02.28"]
[Round "7"]
[White "Basic, Nemanja"]
[Black "Jevtic, Miroljub L"]
[Result "1-0"]
[WhiteElo "1743"]
[BlackElo "2027"]
[PlyCount "66"]
[EventDate "2020.02.24"]
[EventType "swiss"]
[EventRounds "9"]
[EventCountry "SRB"]
[SourceTitle "EXT 2021"]
[Source "ChessBase"]
[SourceDate "2020.10.23"]
[SourceVersion "1"]
[SourceVersionDate "2020.10.23"]
[SourceQuality "1"]

1. e4 e5 2. Nf3 Nc6 3. d4 exd4 4. Bc4 h6 5. 0-0 d6 6. Nxd4 Nxd4 7. Qxd4 Qf6 8. Qd3 Be6 9. Nc3 Bxc4 10. Qxc4 c6 11. Be3 a5 12. f4 Qe6 13. Qd3 Be7 14. Bd4 f6 15. Qg3 g5 16. Rab1 Qc4 17. Be3 0-0-0 18. Qg4+ Kc7 19. Qf5 b6 20. Qg6 Bf8 21. e5 dxe5 22. fxe5 Rd7 23. Qe8 Rd8 24. Bxb6+ Kxb6 25. Qxd8+ Kb7 26. Qxf8 Rh7 27. exf6 h5 28. f7 Qd4+ 29. Kh1 Nf6 30. Qe7+ Nd7 31. Qxd7+ Qxd7 32. f8Q h4 33. Qf5 Qc7 1-0

[Event "SRB-ch sf"]
[Site "Novi Banovci"]
[Date "2020.02.27"]
[Round "6"]
[White "Djenic, Teodor"]
[Black "Basic, Nemanja"]
[Result "1/2-1/2"]
[WhiteElo "1759"]
[BlackElo "1743"]
[PlyCount "111"]
[EventDate "2020.02.24"]
[EventType "swiss"]
[EventRounds "9"]
[EventCountry "SRB"]
[SourceTitle "CBM 195 Extra"]
[Source "ChessBase"]
[SourceDate "2020.05.31"]
[SourceVersion "1"]
[SourceVersionDate "2020.05.31"]
[SourceQuality "1"]

1. c4 Nf6 2. g3 e6 3. Nc3 d5 4. cxd5 exd5 5. d4 c6 6. Bg2 Bd6 7. Nf3 0-0 8. 0-0 Re8 9. h3 Na6 10. Kh2 Bf5 11. Nh4 Bd7 12. Re1 Ne4 13. f4 Qc8 14. Rf1 Qd8 15. Nf3 Qe7 16. Nxe4 dxe4 17. Ne5 f6 18. Nxd7 Qxd7 19. a3 Nc7 20. e3 Nd5 21. Qc2 f5 22. Bd2 a5 23. Qd1 a4 24. Kg1 c5 25. dxc5 Bxc5 26. Kf2 Red8 27. Bc1 Qc6 28. Qe2 Qb6 29. Re1 Rac8 30. Bf1 Qb3 31. Qb5 Qxb5 32. Bxb5 Nb6 33. Re2 Be7 34. Re1 Rc5 35. Bf1 Rc2+ 36. Re2 Rdc8 37. Rxc2 Rxc2+ 38. Ke1 Bf6 39. Rb1 Nd5 40. Kd1 Rc5 41. Bd2 b6 42. Ke1 Kf7 43. Rc1 Bxb2 44. Rxc5 bxc5 45. Bc4 Ke6 46. Ke2 Bxa3 47. Bb5 Bb4 48. Bxa4 Bxd2 49. Kxd2 c4 50. Bb5 c3+ 51. Kc2 Nxe3+ 52. Kxc3 Nd5+ 53. Kd4 Nf6 54. Be2 g6 55. Bc4+ Kd6 56. Be2 1/2-1/2

[Event "SRB-ch sf"]
[Site "Novi Banovci"]
[Date "2020.02.24"]
[Round "1"]
[White "Ivanovic, Marko"]
[Black "Basic, Nemanja"]
[Result "1-0"]
[WhiteElo "2247"]
[BlackElo "1743"]
[PlyCount "49"]
[EventDate "2020.02.24"]
[EventType "swiss"]
[EventRounds "9"]
[EventCountry "SRB"]
[SourceTitle "CBM 195 Extra"]
[Source "ChessBase"]
[SourceDate "2020.05.31"]
[SourceVersion "1"]
[SourceVersionDate "2020.05.31"]
[SourceQuality "1"]

1. d4 Nf6 2. Bg5 b6 3. Nd2 Bb7 4. c3 d6 5. Qc2 Nbd7 6. e4 h6 7. Bh4 e5 8. dxe5 Nxe5 9. Bb5+ c6 10. Be2 Be7 11. Rd1 Qc7 12. Bg3 0-0-0 13. f4 Ng6 14. Nc4 b5 15. Ne3 Rhe8 16. e5 dxe5 17. Qf5+ Kb8 18. fxe5 Bc8 19. Rxd8 Rxd8 20. exf6 Bd6 21. Qf2 gxf6 22. Bxd6 Qxd6 23. Nf3 Re8 24. Nd4 Bd7 25. Ng4 1-0

[Event "Belgrade Trophy 32nd"]
[Site "Belgrade"]
[Date "2018.11.28"]
[Round "5"]
[White "Basic, Nemanja"]
[Black "Petrovic, Petar"]
[Result "0-1"]
[WhiteElo "1811"]
[BlackElo "2017"]
[PlyCount "79"]
[EventDate "2018.11.24"]
[EventType "swiss"]
[EventRounds "9"]
[EventCountry "SRB"]
[SourceTitle "CBM 187 Extra"]
[Source "ChessBase"]
[SourceDate "2018.11.04"]
[SourceVersion "1"]
[SourceVersionDate "2018.11.04"]
[SourceQuality "1"]

1. e4 c5 2. Nf3 e6 3. d4 cxd4 4. c3 dxc3 5. Nxc3 Nc6 6. Bc4 a6 7. 0-0 b5 8. Bb3 b4 9. Nd5 d6 10. Ne3 Nf6 11. Qd3 Be7 12. Rd1 0-0 13. Nc4 d5 14. exd5 exd5 15. Ne3 d4 16. Nxd4 Nxd4 17. Qxd4 Qxd4 18. Rxd4 Bb7 19. Nd5 Nxd5 20. Bxd5 Rad8 21. Bxb7 Rxd4 22. Be3 Rd7 23. Bxa6 Ra8 24. Bc4 Bf6 25. Rb1 Rad8 26. Bb3 Bxb2 27. Kf1 Bc3 28. h3 h6 29. g4 g5 30. Kg2 Bd4 31. Bc4 Rd6 32. Bd2 Rf6 33. Bxb4 Rxf2+ 34. Kg3 Rf6 35. Kg2 Rf2+ 36. Kg3 Ba7 37. Be1 Rc2 38. Bb5 Rb8 39. Kf3 Rxa2 40. Ke4 0-1

[Event "Belgrade Trophy 32nd"]
[Site "Belgrade"]
[Date "2018.11.26"]
[Round "3"]
[White "Jevtic, Miroljub L"]
[Black "Basic, Nemanja"]
[Result "1-0"]
[WhiteElo "1999"]
[BlackElo "1811"]
[PlyCount "73"]
[EventDate "2018.11.24"]
[EventType "swiss"]
[EventRounds "9"]
[EventCountry "SRB"]
[SourceTitle "CBM 187 Extra"]
[Source "ChessBase"]
[SourceDate "2018.11.04"]
[SourceVersion "1"]
[SourceVersionDate "2018.11.04"]
[SourceQuality "1"]

1. d4 Nf6 2. Nf3 g6 3. h3 Bg7 4. Bf4 0-0 5. e3 d5 6. Nbd2 c5 7. c3 Nc6 8. Bd3 Nd7 9. 0-0 e5 10. dxe5 Ndxe5 11. Bc2 d4 12. Nxe5 Nxe5 13. Bxe5 Bxe5 14. Nf3 Bg7 15. exd4 cxd4 16. Nxd4 Qh4 17. Nf3 Qh5 18. Nh2 Qh4 19. Qf3 Rb8 20. Qg3 Qxg3 21. fxg3 b5 22. Rab1 a5 23. Nf3 b4 24. c4 Be6 25. b3 a4 26. Ng5 axb3 27. axb3 Rb6 28. Rbd1 f5 29. Rfe1 Bc8 30. Nf3 Ra6 31. Bd3 Ra2 32. c5 Bc3 33. Re7 Ba6 34. Ra7 Rf6 35. Bxa6 Raxa6 36. Rd8+ Rf8 37. Rxf8+ 1-0

[Event "Sarajevo Bosna op 48th"]
[Site "Sarajevo"]
[Date "2018.05.08"]
[Round "5"]
[White "Grubauer, Gerhard"]
[Black "Basic, Nemanja"]
[Result "1/2-1/2"]
[WhiteElo "1655"]
[BlackElo "1763"]
[PlyCount "49"]
[EventDate "2018.05.05"]
[EventType "swiss"]
[EventRounds "9"]
[EventCountry "BIH"]
[SourceTitle "CBM 184 Extra"]
[Source "ChessBase"]
[SourceDate "2018.06.28"]
[SourceVersion "1"]
[SourceVersionDate "2018.06.28"]
[SourceQuality "1"]

1. c4 c5 2. Nc3 Nc6 3. Nf3 g6 4. g3 Bg7 5. Bg2 e6 6. 0-0 Nge7 7. d3 Nd4 8. Be3 Nec6 9. Rb1 0-0 10. Ne4 Nxf3+ 11. Bxf3 b6 12. Nd6 Qe7 13. Nxc8 Raxc8 14. Qd2 Rfd8 15. Bg5 f6 16. Bh6 Nd4 17. Bxg7 Nxf3+ 18. exf3 Kxg7 19. Rfe1 e5 20. f4 d6 21. fxe5 dxe5 22. Qe3 Qf7 23. Qe2 Rd7 24. b4 cxb4 25. Rxb4 1/2-1/2

[Event "Belgrade Trophy 30th"]
[Site "Belgrade"]
[Date "2016.12.01"]
[Round "8"]
[White "Basic, Nemanja"]
[Black "Pantic, Milenko"]
[Result "1-0"]
[WhiteElo "1758"]
[BlackElo "1474"]
[PlyCount "63"]
[EventDate "2016.11.24"]
[EventType "swiss"]
[EventRounds "9"]
[EventCountry "SRB"]
[SourceTitle "CBM 175 Extra"]
[Source "ChessBase"]
[SourceDate "2016.12.12"]
[SourceVersion "1"]
[SourceVersionDate "2016.12.12"]
[SourceQuality "1"]

1. e4 e5 2. Nf3 Nc6 3. Bb5 a6 4. Ba4 Nf6 5. d3 d6 6. 0-0 Bd7 7. Re1 Be7 8. a3 h6 9. Nc3 Qc8 10. Nd5 Nxd5 11. exd5 Nd8 12. d4 exd4 13. Qxd4 0-0 14. Qe4 Bf6 15. Nd4 Bxd4 16. Qxd4 f6 17. Bf4 Nf7 18. Re3 Re8 19. Rae1 Rxe3 20. Qxe3 Ne5 21. Bxe5 dxe5 22. Bb3 Kh8 23. c4 b5 24. Qe4 bxc4 25. Bxc4 c6 26. Bd3 f5 27. Qxe5 cxd5 28. Qxd5 Bc6 29. Qf7 Rb8 30. Bxf5 Qf8 31. Qg6 Qg8 32. Qxc6 1-0

[Event "Grocka op"]
[Site "Grocka"]
[Date "2015.07.28"]
[Round "6"]
[White "Basic, Nemanja"]
[Black "Kuzmanovic, Ratko"]
[Result "0-1"]
[WhiteElo "1624"]
[BlackElo "1880"]
[PlyCount "90"]
[EventDate "2015.07.23"]
[EventType "swiss"]
[EventRounds "9"]
[EventCountry "SRB"]
[SourceTitle "EXT 2016"]
[Source "ChessBase"]
[SourceDate "2015.10.08"]
[SourceVersion "1"]
[SourceVersionDate "2015.10.08"]
[SourceQuality "1"]

1. c4 Nf6 2. Nc3 g6 3. g3 Bg7 4. Bg2 0-0 5. Nf3 d6 6. d4 Nc6 7. 0-0 e5 8. d5 Ne7 9. Ne1 Ng4 10. h3 Nh6 11. e4 Kh8 12. Be3 f5 13. Qd2 Nhg8 14. f4 exf4 15. Bxf4 fxe4 16. Nxe4 Nf5 17. Nf3 h6 18. h4 Nf6 19. Nxf6 Qxf6 20. Rab1 Bd7 21. b4 Rae8 22. Rfe1 Nd4 23. Nxd4 Qxd4+ 24. Be3 Rxe3 25. Qxe3 Qxe3+ 26. Rxe3 Bd4 27. Rbe1 Re8 28. Kf2 Bf5 29. Kf3 Rxe3+ 30. Rxe3 Bxe3 31. Kxe3 Kg7 32. Kd4 Bg4 33. c5 Kf6 34. Be4 g5 35. hxg5+ Kxg5 36. Ke3 Bd1 37. Kf2 Kf6 38. Ke3 Ke5 39. Bg2 Bc2 40. Kd2 Be4 41. Bf1 Bxd5 42. a4 Kd4 43. Kc2 b6 44. Bh3 Kc4 45. Bf1+ Kxb4 0-1

[Event "Grocka op"]
[Site "Grocka"]
[Date "2015.07.23"]
[Round "1"]
[White "Jovanovic, Aleksandar D"]
[Black "Basic, Nemanja"]
[Result "1-0"]
[WhiteElo "2240"]
[BlackElo "1624"]
[PlyCount "37"]
[EventDate "2015.07.23"]
[EventType "swiss"]
[EventRounds "9"]
[EventCountry "SRB"]
[SourceTitle "EXT 2016"]
[Source "ChessBase"]
[SourceDate "2015.10.08"]
[SourceVersion "1"]
[SourceVersionDate "2015.10.08"]
[SourceQuality "1"]

1. d4 Nf6 2. g3 e6 3. Bg2 d5 4. Nf3 c5 5. 0-0 Nc6 6. c4 Bd6 7. Nc3 cxd4 8. Nxd4 Qb6 9. Ndb5 Be7 10. Be3 Qd8 11. Bf4 e5 12. cxd5 exf4 13. dxc6 Qb6 14. Nd6+ Bxd6 15. Qxd6 fxg3 16. Rad1 gxh2+ 17. Kh1 Bh3 18. Bxh3 bxc6 19. Rd3 1-0

[Event "Stari Banovci Vidovdan op"]
[Site "Stari Banovci"]
[Date "2015.06.20"]
[Round "1"]
[White "Stamatovic, Aleksandar"]
[Black "Basic, Nemanja"]
[Result "1-0"]
[WhiteElo "2181"]
[BlackElo "1654"]
[PlyCount "57"]
[EventDate "2015.06.20"]
[EventType "swiss"]
[EventRounds "9"]
[EventCountry "SRB"]
[SourceTitle "EXT 2019"]
[Source "ChessBase"]
[SourceDate "2018.10.10"]
[SourceVersion "1"]
[SourceVersionDate "2018.10.10"]
[SourceQuality "1"]

1. e4 c5 2. Nf3 Nc6 3. Bb5 g6 4. 0-0 Bg7 5. c3 Nf6 6. Re1 d6 7. e5 Nd5 8. Qa4 Qc7 9. d4 0-0 10. Bxc6 bxc6 11. dxc5 dxe5 12. Na3 Rb8 13. Nc4 e4 14. Nd4 Bxd4 15. cxd4 Rb4 16. Qc2 Ba6 17. b3 Nf6 18. Bd2 Rb5 19. Rad1 Ng4 20. g3 f5 21. h3 Nf6 22. Ne5 Rb7 23. Bf4 Nh5 24. Nxg6 Nxf4 25. Nxf4 e5 26. Ne6 Bd3 27. Qc1 Qa5 28. Qg5+ Kh8 29. Nxf8 1-0